Länder mit der höchsten Studentenrate - Statistiken

Allgemein
  • Dieses Quiz wurde 178 mal gespielt
  • Das Durchschnittsergebnis liegt bei 17 aus 21
Antwortstatistiken
Platz Land Anteil % Korrekt
15. Schweden 39%
96%
8. Vereinigte Staaten 44%
96%
1. Kanada 54%
94%
9. Norwegen 42%
94%
9. Finnland 42%
93%
4. Japan 48%
93%
9. Vereinigtes Königreich 42%
89%
20. Dänemark 36%
87%
14. Schweiz 40%
85%
9. Australien 42%
84%
17. Belgien 37%
84%
6. Südkorea 45%
81%
17. Island 37%
79%
5. Luxemburg 46%
78%
20. Neuseeland 36%
78%
13. Irland 41%
75%
1. Russland 54%
72%
16. Estland 38%
69%
17. Litauen 37%
65%
6. Taiwan 45%
58%
3. Israel 49%
39%
Keine übereinstimmenden Quizze gefunden
Verteilung der Resultate
Anzahl Personen mit jedem Resultat
Perzentil nach korrekt beantworteten Fragen
Ihre Resultats-Entwicklung
Sie haben dieses Quiz noch nicht gespielt